[Event "45th FIDE Chess Olympiad Open"]
[Site "Budapest, Hungary"]
[Date "2024.09.20"]
[Round "9"]
[White "Zambrana, Osvaldo"]
[Black "Christie, Joshua"]
[Result "1-0"]
[Board "177"]
[WhiteFideId "3300200"]
[BlackFideId "7402074"]
[WhiteTitle "GM"]
[BlackTitle "FM"]
[WhiteElo "2405"]
[BlackElo "2271"]
[WhiteTeam "Bolivia"]
[BlackTeam "Jamaica"]
[WhiteClock "0:26:30"]
[BlackClock "0:01:06"]
[Variant "Standard"]

1. e4 {[%clk 1:30:54]}  e5 {[%clk 1:30:29]} 2. Nf3 {[%clk 1:31:10]}  Nc6 {[%clk 1:30:19]} 3. Bc4 {[%clk 1:31:32]}  Nf6 {[%clk 1:30:01]} 4. d3 {[%clk 1:31:55]}  Be7 {[%clk 1:29:59]} 5. O-O {[%clk 1:32:11]}  O-O {[%clk 1:29:39]} 6. Re1 {[%clk 1:32:22]}  d6 {[%clk 1:29:10]} 7. a4 {[%clk 1:32:44]}  h6 {[%clk 1:26:58]} 8. h3 {[%clk 1:31:12]}  Re8 {[%clk 1:24:45]} 9. a5 {[%clk 1:26:27]}  a6 {[%clk 1:21:24]} 10. c3 {[%clk 1:25:39]}  Be6 {[%clk 1:15:41]} 11. Nbd2 {[%clk 1:17:35]}  Bf8 {[%clk 1:08:48]} 12. Qb3 {[%clk 1:16:56]}  Rb8 {[%clk 1:07:33]} 13. Bxe6 {[%clk 0:51:01]}  fxe6 {[%clk 0:49:15]} 14. Nc4 {[%clk 0:46:18]}  g5 {[%clk 0:46:05]} 15. Ne3 {[%clk 0:45:31]}  Qd7 {[%clk 0:44:29]} 16. Qc2 {[%clk 0:38:51]}  Bg7 {[%clk 0:36:54]} 17. b4 {[%clk 0:31:34]}  Qf7 {[%clk 0:30:43]} 18. Rb1 {[%clk 0:30:18]}  Ra8 {[%clk 0:30:37]} 19. Nc4 {[%clk 0:28:04]}  g4 {[%clk 0:27:47]} 20. hxg4 {[%clk 0:28:23]}  Nxg4 {[%clk 0:28:04]} 21. Ne3 {[%clk 0:28:50]}  Nf6 {[%clk 0:27:31]} 22. Nf1 {[%clk 0:28:20]}  Nh5 {[%clk 0:27:20]} 23. Re3 {[%clk 0:27:31]}  Rf8 {[%clk 0:26:13]} 24. Nh4 {[%clk 0:26:33]}  Nf4 {[%clk 0:23:25]} 25. Rg3 {[%clk 0:24:05]}  Qh5 {[%clk 0:12:44]} 26. Nf3 {[%clk 0:24:30]}  Rf6 {[%clk 0:09:51]} 27. N1h2 {[%clk 0:22:13]}  Qf7 {[%clk 0:07:46]} 28. Be3 {[%clk 0:16:39]}  Rg6 {[%clk 0:06:32]} 29. Nh4 {[%clk 0:10:31]}  Rxg3 {[%clk 0:06:25]} 30. fxg3 {[%clk 0:10:58]}  Nh5 {[%clk 0:06:31]} 31. g4 {[%clk 0:11:17]}  Nf4 {[%clk 0:05:43]} 32. g3 {[%clk 0:07:17]}  Nh3+ {[%clk 0:03:43]} 33. Kg2 {[%clk 0:07:40]}  Ng5 {[%clk 0:03:51]} 34. Qd2 {[%clk 0:07:58]}  Bf6 {[%clk 0:03:07]} 35. N2f3 {[%clk 0:06:14]}  Nxf3 {[%clk 0:02:07]} 36. Nxf3 {[%clk 0:06:38]}  Qg6 {[%clk 0:02:16]} 37. Rh1 {[%clk 0:05:40]}  Qxg4 {[%clk 0:02:01]} 38. Rxh6 {[%clk 0:05:53]}  Qg7 {[%clk 0:01:34]} 39. Qd1 {[%clk 0:03:34]}  Kf7 {[%clk 0:01:08]} 40. Qh1 {[%clk 0:03:57]}  Rh8 {[%clk 0:00:45]} 41. Ng5+ {[%clk 0:26:18]}  Ke7 {[%clk 0:01:06]} 42. Nh7 {[%clk 0:26:30]} 1-0

[Event "45th FIDE Chess Olympiad Open"]
[Site "Budapest, Hungary"]
[Date "2024.09.20"]
[Round "9"]
[White "Smith, Shreyas"]
[Black "Gemy, Jose Daniel"]
[Result "1-0"]
[Board "178"]
[WhiteFideId "7400713"]
[BlackFideId "3301478"]
[WhiteTitle "FM"]
[BlackTitle "IM"]
[WhiteElo "2226"]
[BlackElo "2315"]
[WhiteTeam "Jamaica"]
[BlackTeam "Bolivia"]
[WhiteClock "0:45:51"]
[BlackClock "0:02:01"]
[Variant "Standard"]

1. e4 {[%clk 1:30:55]}  e5 {[%clk 1:30:50]} 2. Nf3 {[%clk 1:31:00]}  Nc6 {[%clk 1:31:14]} 3. Bc4 {[%clk 1:31:03]}  Bc5 {[%clk 1:31:36]} 4. d3 {[%clk 1:31:11]}  Nf6 {[%clk 1:31:51]} 5. Bg5 {[%clk 1:30:59]}  h6 {[%clk 1:31:09]} 6. Bh4 {[%clk 1:31:18]}  Be7 {[%clk 1:30:59]} 7. Bxf6 {[%clk 1:28:41]}  Bxf6 {[%clk 1:31:22]} 8. a4 {[%clk 1:29:04]}  d6 {[%clk 1:30:44]} 9. Nc3 {[%clk 1:29:24]}  g6 {[%clk 1:31:02]} 10. Nd5 {[%clk 1:29:03]}  Bg7 {[%clk 1:31:28]} 11. a5 {[%clk 1:29:27]}  a6 {[%clk 1:31:52]} 12. c3 {[%clk 1:29:39]}  O-O {[%clk 1:32:14]} 13. h4 {[%clk 1:29:41]}  Be6 {[%clk 1:22:43]} 14. h5 {[%clk 1:29:51]}  Nxa5 {[%clk 1:20:08]} 15. hxg6 {[%clk 1:23:13]}  Nxc4 {[%clk 0:52:48]} 16. gxf7+ {[%clk 1:20:39]}  Bxf7 {[%clk 0:45:38]} 17. dxc4 {[%clk 1:20:58]}  Bg6 {[%clk 0:45:54]} 18. Qd3 {[%clk 1:17:37]}  c6 {[%clk 0:40:27]} 19. Nh4 {[%clk 1:16:52]}  cxd5 {[%clk 0:27:40]} 20. Nxg6 {[%clk 1:17:04]}  dxc4 {[%clk 0:28:07]} 21. Qd5+ {[%clk 1:08:39]}  Rf7 {[%clk 0:26:35]} 22. Nh4 {[%clk 1:08:56]}  Qb6 {[%clk 0:15:24]} 23. Nf5 {[%clk 1:08:59]}  Rd8 {[%clk 0:03:50]} 24. O-O-O {[%clk 0:59:37]}  Qb5 {[%clk 0:04:16]} 25. Qe6 {[%clk 0:49:59]}  Qd7 {[%clk 0:04:09]} 26. Qxc4 {[%clk 0:50:19]}  Qc7 {[%clk 0:02:55]} 27. Qe6 {[%clk 0:47:17]}  Qd7 {[%clk 0:03:20]} 28. Nxg7 {[%clk 0:47:25]}  Qxe6 {[%clk 0:00:32]} 29. Nxe6 {[%clk 0:47:48]}  Re8 {[%clk 0:01:01]} 30. Rxh6 {[%clk 0:47:21]}  Rxf2 {[%clk 0:01:20]} 31. g4 {[%clk 0:46:25]}  b5 {[%clk 0:01:22]} 32. Rxd6 {[%clk 0:46:35]}  b4 {[%clk 0:01:46]} 33. Rd7 {[%clk 0:45:11]}  Rf7 {[%clk 0:01:34]} 34. Rxf7 {[%clk 0:45:33]}  Kxf7 {[%clk 0:02:01]} 35. Ng5+ {[%clk 0:45:51]} 1-0

[Event "45th FIDE Chess Olympiad Open"]
[Site "Budapest, Hungary"]
[Date "2024.09.20"]
[Round "9"]
[White "Pinto, Daniel"]
[Black "Shaw, Jaden"]
[Result "1-0"]
[Board "179"]
[WhiteFideId "3303144"]
[BlackFideId "7402880"]
[WhiteTitle "FM"]
[BlackTitle "FM"]
[WhiteElo "2273"]
[BlackElo "2051"]
[WhiteTeam "Bolivia"]
[BlackTeam "Jamaica"]
[WhiteClock "0:30:14"]
[BlackClock "0:06:08"]
[Variant "Standard"]

1. e4 {[%clk 1:30:56]}  e6 {[%clk 1:30:15]} 2. d4 {[%clk 1:31:17]}  d5 {[%clk 1:30:36]} 3. e5 {[%clk 1:31:17]}  c5 {[%clk 1:30:41]} 4. c3 {[%clk 1:31:41]}  Ne7 {[%clk 1:29:47]} 5. Nf3 {[%clk 1:31:24]}  Nec6 {[%clk 1:30:02]} 6. h4 {[%clk 1:31:05]}  h6 {[%clk 1:28:06]} 7. h5 {[%clk 1:31:28]}  b6 {[%clk 1:26:38]} 8. a4 {[%clk 1:31:33]}  Ba6 {[%clk 1:20:28]} 9. Rh3 {[%clk 1:27:51]}  Qc7 {[%clk 1:15:47]} 10. Na3 {[%clk 1:24:40]}  cxd4 {[%clk 0:49:09]} 11. cxd4 {[%clk 1:19:53]}  Bb4+ {[%clk 0:49:25]} 12. Bd2 {[%clk 1:19:48]}  Qe7 {[%clk 0:39:05]} 13. Nb5 {[%clk 1:12:59]}  O-O {[%clk 0:28:58]} 14. Rc1 {[%clk 1:05:56]}  Bxb5 {[%clk 0:20:22]} 15. axb5 {[%clk 1:05:31]}  Na5 {[%clk 0:20:37]} 16. Rg3 {[%clk 0:56:03]}  Nd7 {[%clk 0:17:19]} 17. Bxb4 {[%clk 0:45:18]}  Qxb4+ {[%clk 0:17:43]} 18. Qd2 {[%clk 0:45:44]}  Qxd2+ {[%clk 0:17:15]} 19. Nxd2 {[%clk 0:46:05]}  Rfd8 {[%clk 0:07:39]} 20. b4 {[%clk 0:43:21]}  Nc4 {[%clk 0:06:20]} 21. Nxc4 {[%clk 0:40:15]}  dxc4 {[%clk 0:06:43]} 22. Ra3 {[%clk 0:40:31]}  Nf8 {[%clk 0:06:27]} 23. Rxc4 {[%clk 0:40:54]}  Rd5 {[%clk 0:04:17]} 24. Be2 {[%clk 0:38:40]}  Rad8 {[%clk 0:03:20]} 25. Rxa7 {[%clk 0:38:53]}  Rxd4 {[%clk 0:03:08]} 26. Rac7 {[%clk 0:30:13]}  R4d5 {[%clk 0:03:04]} 27. f4 {[%clk 0:28:26]}  Ra8 {[%clk 0:00:47]} 28. Bf3 {[%clk 0:27:18]}  Ra1+ {[%clk 0:01:16]} 29. Kf2 {[%clk 0:27:06]}  Rd2+ {[%clk 0:01:15]} 30. Kg3 {[%clk 0:27:27]}  g6 {[%clk 0:00:36]} 31. Rb7 {[%clk 0:26:40]}  Rd7 {[%clk 0:00:33]} 32. Rb8 {[%clk 0:26:40]}  f6 {[%clk 0:00:32]} 33. Rcc8 {[%clk 0:27:02]}  Kh7 {[%clk 0:00:31]} 34. Rxf8 {[%clk 0:27:22]}  gxh5 {[%clk 0:00:58]} 35. Rh8+ {[%clk 0:27:29]}  Kg6 {[%clk 0:01:23]} 36. Be4+ {[%clk 0:26:17]}  f5 {[%clk 0:01:52]} 37. Bf3 {[%clk 0:26:04]}  Rh1 {[%clk 0:01:29]} 38. Rbg8+ {[%clk 0:25:43]}  Kf7 {[%clk 0:01:56]} 39. Rh7+ {[%clk 0:26:06]}  Kxg8 {[%clk 0:02:12]} 40. Rxd7 {[%clk 0:26:32]}  h4+ {[%clk 0:02:33]} 41. Kf2 {[%clk 0:26:59]}  Rb1 {[%clk 0:02:54]} 42. Rd6 {[%clk 0:27:12]}  Rxb4 {[%clk 0:03:18]} 43. Rxb6 {[%clk 0:27:37]}  Kf7 {[%clk 0:03:42]} 44. Rb8 {[%clk 0:27:56]}  Rxf4 {[%clk 0:04:06]} 45. b6 {[%clk 0:28:21]}  h3 {[%clk 0:04:29]} 46. gxh3 {[%clk 0:28:47]}  Rb4 {[%clk 0:04:53]} 47. b7 {[%clk 0:29:08]}  Rb2+ {[%clk 0:05:18]} 48. Kg3 {[%clk 0:29:31]}  f4+ {[%clk 0:05:42]} 49. Kxf4 {[%clk 0:29:54]}  Rb4+ {[%clk 0:06:08]} 50. Be4 {[%clk 0:30:14]} 1-0

[Event "45th FIDE Chess Olympiad Open"]
[Site "Budapest, Hungary"]
[Date "2024.09.20"]
[Round "9"]
[White "McKennis, Darren"]
[Black "Montevilla Cahuasa, Jonathan I."]
[Result "1/2-1/2"]
[Board "180"]
[WhiteFideId "7402872"]
[BlackFideId "3322220"]
[WhiteElo "1905"]
[BlackElo "2064"]
[WhiteTeam "Jamaica"]
[BlackTeam "Bolivia"]
[WhiteClock "0:05:00"]
[BlackClock "0:25:37"]
[Variant "Standard"]

1. d4 {[%clk 1:30:57]}  Nf6 {[%clk 1:30:50]} 2. c4 {[%clk 1:31:21]}  e6 {[%clk 1:31:15]} 3. Nf3 {[%clk 1:31:45]}  Bb4+ {[%clk 1:31:32]} 4. Nbd2 {[%clk 1:32:09]}  d5 {[%clk 1:31:26]} 5. e3 {[%clk 1:30:36]}  O-O {[%clk 1:31:06]} 6. a3 {[%clk 1:29:54]}  Be7 {[%clk 1:30:41]} 7. Bd3 {[%clk 1:29:10]}  c5 {[%clk 1:27:48]} 8. dxc5 {[%clk 1:25:26]}  a5 {[%clk 1:26:16]} 9. Rb1 {[%clk 1:13:57]}  Bxc5 {[%clk 1:23:45]} 10. b4 {[%clk 1:13:57]}  Be7 {[%clk 1:22:32]} 11. O-O {[%clk 1:13:20]}  Na6 {[%clk 1:22:05]} 12. c5 {[%clk 1:11:02]}  Qc7 {[%clk 1:15:26]} 13. Nd4 {[%clk 0:52:58]}  e5 {[%clk 1:11:25]} 14. Nf5 {[%clk 0:53:12]}  Bxf5 {[%clk 1:03:55]} 15. Bxf5 {[%clk 0:53:31]}  axb4 {[%clk 1:04:11]} 16. axb4 {[%clk 0:53:37]}  b6 {[%clk 1:02:36]} 17. cxb6 {[%clk 0:50:59]}  Qxb6 {[%clk 1:03:01]} 18. b5 {[%clk 0:49:37]}  Nb4 {[%clk 1:01:59]} 19. Bb2 {[%clk 0:41:14]}  e4 {[%clk 0:57:23]} 20. Bc3 {[%clk 0:40:12]}  Qxb5 {[%clk 0:44:04]} 21. Rxb4 {[%clk 0:39:44]}  Bxb4 {[%clk 0:39:32]} 22. Bxf6 {[%clk 0:40:07]}  Ra6 {[%clk 0:37:22]} 23. Bd4 {[%clk 0:39:01]}  g6 {[%clk 0:36:05]} 24. Bg4 {[%clk 0:38:08]}  Ra2 {[%clk 0:35:47]} 25. Nb3 {[%clk 0:26:24]}  f5 {[%clk 0:35:28]} 26. Bh3 {[%clk 0:25:56]}  Bd6 {[%clk 0:31:15]} 27. Bc5 {[%clk 0:23:57]}  Qc6 {[%clk 0:30:27]} 28. Bxd6 {[%clk 0:22:11]}  Qxd6 {[%clk 0:30:49]} 29. g3 {[%clk 0:22:36]}  Rb8 {[%clk 0:29:34]} 30. Nd4 {[%clk 0:21:55]}  Qa6 {[%clk 0:23:30]} 31. Nxf5 {[%clk 0:19:26]}  Qd3 {[%clk 0:20:49]} 32. Qxd3 {[%clk 0:08:27]}  exd3 {[%clk 0:21:11]} 33. Ne7+ {[%clk 0:08:47]}  Kf8 {[%clk 0:21:26]} 34. Nxd5 {[%clk 0:09:12]}  Rab2 {[%clk 0:19:43]} 35. Nc3 {[%clk 0:07:26]}  Rc2 {[%clk 0:16:49]} 36. Nd1 {[%clk 0:06:47]}  h5 {[%clk 0:16:44]} 37. Bg2 {[%clk 0:06:27]}  g5 {[%clk 0:16:37]} 38. Be4 {[%clk 0:04:56]}  Rd2 {[%clk 0:15:36]} 39. h3 {[%clk 0:03:01]}  g4 {[%clk 0:12:43]} 40. hxg4 {[%clk 0:02:15]}  hxg4 {[%clk 0:13:11]} 41. f3 {[%clk 0:00:32]}  gxf3 {[%clk 0:12:09]} 42. Rxf3+ {[%clk 0:30:27]}  Ke7 {[%clk 0:42:30]} 43. Nf2 {[%clk 0:30:51]}  Rb1+ {[%clk 0:42:15]} 44. Kg2 {[%clk 0:31:14]}  Rbb2 {[%clk 0:42:30]} 45. g4 {[%clk 0:31:05]}  Rb4 {[%clk 0:41:03]} 46. Bf5 {[%clk 0:26:08]}  Ra2 {[%clk 0:39:06]} 47. Kg3 {[%clk 0:24:08]}  d2 {[%clk 0:37:07]} 48. Nd1 {[%clk 0:24:16]}  Rc4 {[%clk 0:35:15]} 49. Kf2 {[%clk 0:21:46]}  Rc1 {[%clk 0:32:38]} 50. Ke2 {[%clk 0:20:05]}  Kd6 {[%clk 0:32:11]} 51. Rf1 {[%clk 0:20:04]}  Ke5 {[%clk 0:32:13]} 52. Bd3 {[%clk 0:18:54]}  Ra4 {[%clk 0:30:16]} 53. Kxd2 {[%clk 0:15:58]}  Rc7 {[%clk 0:30:20]} 54. Be2 {[%clk 0:16:15]}  Ra2+ {[%clk 0:29:41]} 55. Ke1 {[%clk 0:16:31]}  Rh7 {[%clk 0:28:37]} 56. Rf5+ {[%clk 0:16:07]}  Kd6 {[%clk 0:29:00]} 57. Rh5 {[%clk 0:16:27]}  Rc7 {[%clk 0:28:25]} 58. g5 {[%clk 0:16:15]}  Ke5 {[%clk 0:27:52]} 59. Rh2 {[%clk 0:15:47]}  Rg7 {[%clk 0:27:11]} 60. Rg2 {[%clk 0:15:17]}  Ra3 {[%clk 0:27:10]} 61. Rg4 {[%clk 0:09:57]}  Kf5 {[%clk 0:25:20]} 62. e4+ {[%clk 0:09:58]}  Ke5 {[%clk 0:25:46]} 63. Nb2 {[%clk 0:08:40]}  Rh3 {[%clk 0:24:54]} 64. Nd3+ {[%clk 0:08:12]}  Kd6 {[%clk 0:24:38]} 65. e5+ {[%clk 0:08:22]}  Ke7 {[%clk 0:25:05]} 66. Nf4 {[%clk 0:08:36]}  Ra3 {[%clk 0:25:26]} 67. Kf2 {[%clk 0:07:33]}  Ra5 {[%clk 0:25:45]} 68. Nd3 {[%clk 0:07:50]}  Ke6 {[%clk 0:25:58]} 69. Bf3 {[%clk 0:05:09]}  Kf5 {[%clk 0:25:51]} 70. Ke3 {[%clk 0:05:20]}  Rxg5 {[%clk 0:25:55]} 71. Rf4+ {[%clk 0:05:03]}  Ke6 {[%clk 0:26:08]} 72. Bg4+ {[%clk 0:04:45]}  Ke7 {[%clk 0:24:30]} 73. Re4 {[%clk 0:04:49]}  Rg8 {[%clk 0:24:09]} 74. Kf4 {[%clk 0:04:52]}  Rf8+ {[%clk 0:24:02]} 75. Ke3 {[%clk 0:04:24]}  Rd8 {[%clk 0:24:21]} 76. Nb4 {[%clk 0:04:23]}  Rc5 {[%clk 0:24:41]} 77. Nd3 {[%clk 0:03:52]}  Rc3 {[%clk 0:24:28]} 78. Rd4 {[%clk 0:04:08]}  Rxd4 {[%clk 0:24:15]} 79. Kxd4 {[%clk 0:04:31]}  Ra3 {[%clk 0:24:39]} 80. Nb4 {[%clk 0:04:23]}  Ra4 {[%clk 0:24:51]} 81. Kc4 {[%clk 0:04:29]}  Ra1 {[%clk 0:23:59]} 82. Nd5+ {[%clk 0:04:17]}  Kd8 {[%clk 0:24:17]} 83. Kb5 {[%clk 0:04:22]}  Rg1 {[%clk 0:24:16]} 84. Bf3 {[%clk 0:03:54]}  Rg5 {[%clk 0:24:19]} 85. e6 {[%clk 0:04:09]}  Re5 {[%clk 0:24:44]} 86. e7+ {[%clk 0:04:34]}  Rxe7 {[%clk 0:25:10]} 87. Nxe7 {[%clk 0:05:00]}  Kxe7 {[%clk 0:25:37]} 1/2-1/2

[Event "45th FIDE Chess Olympiad Open"]
[Site "Budapest, Hungary"]
[Date "2024.09.20"]
[Round "9"]
[White "Espinoza Solano, Jose Nahum"]
[Black "Xie, Felix"]
[Result "0-1"]
[Board "181"]
[WhiteFideId "6104428"]
[BlackFideId "4308174"]
[WhiteTitle "FM"]
[BlackTitle "FM"]
[WhiteElo "2156"]
[BlackElo "2320"]
[WhiteTeam "Nicaragua"]
[BlackTeam "New Zealand"]
[WhiteClock "0:44:37"]
[BlackClock "0:05:49"]
[Variant "Standard"]

1. e4 {[%clk 1:30:58]}  c5 {[%clk 1:30:20]} 2. Nf3 {[%clk 1:31:21]}  e6 {[%clk 1:30:35]} 3. d4 {[%clk 1:31:45]}  cxd4 {[%clk 1:31:00]} 4. Nxd4 {[%clk 1:32:11]}  Nf6 {[%clk 1:31:15]} 5. Nc3 {[%clk 1:32:38]}  Nc6 {[%clk 1:31:37]} 6. Ndb5 {[%clk 1:32:17]}  Bc5 {[%clk 1:31:52]} 7. Nd6+ {[%clk 1:31:15]}  Ke7 {[%clk 1:32:13]} 8. Nxc8+ {[%clk 1:26:50]}  Rxc8 {[%clk 1:32:34]} 9. Bd3 {[%clk 1:27:18]}  Qc7 {[%clk 1:32:49]} 10. O-O {[%clk 1:27:09]}  h5 {[%clk 1:33:15]} 11. Bg5 {[%clk 1:24:13]}  Kf8 {[%clk 1:33:36]} 12. Bxf6 {[%clk 1:22:41]}  gxf6 {[%clk 1:34:01]} 13. Kh1 {[%clk 1:22:58]}  h4 {[%clk 1:30:30]} 14. h3 {[%clk 1:23:21]}  Ke7 {[%clk 1:29:28]} 15. Qe1 {[%clk 1:11:58]}  Qf4 {[%clk 1:19:32]} 16. Qc1 {[%clk 1:04:46]}  Qg5 {[%clk 1:18:28]} 17. Qxg5 {[%clk 0:59:48]}  fxg5 {[%clk 1:18:42]} 18. Ne2 {[%clk 1:00:07]}  Ne5 {[%clk 1:18:30]} 19. Rad1 {[%clk 0:59:49]}  Rc6 {[%clk 1:06:14]} 20. Ng1 {[%clk 0:58:56]}  f6 {[%clk 0:56:14]} 21. Nf3 {[%clk 0:58:14]}  Ng6 {[%clk 0:56:24]} 22. Rd2 {[%clk 0:53:19]}  Nf4 {[%clk 0:43:58]} 23. Rfd1 {[%clk 0:51:06]}  Rd8 {[%clk 0:31:19]} 24. Bf1 {[%clk 0:45:43]}  Rd6 {[%clk 0:31:10]} 25. c3 {[%clk 0:45:50]}  Rxd2 {[%clk 0:30:10]} 26. Rxd2 {[%clk 0:46:18]}  a6 {[%clk 0:30:13]} 27. a4 {[%clk 0:46:47]}  Rc8 {[%clk 0:29:26]} 28. Kh2 {[%clk 0:38:56]}  d5 {[%clk 0:26:20]} 29. exd5 {[%clk 0:38:37]}  Nxd5 {[%clk 0:26:49]} 30. Kg1 {[%clk 0:38:56]}  Nb6 {[%clk 0:25:50]} 31. a5 {[%clk 0:35:25]}  Nd5 {[%clk 0:23:41]} 32. Bd3 {[%clk 0:35:01]}  Ba7 {[%clk 0:21:40]} 33. Rd1 {[%clk 0:31:50]}  Rc5 {[%clk 0:19:24]} 34. Ra1 {[%clk 0:32:19]}  Nf4 {[%clk 0:19:28]} 35. Bf1 {[%clk 0:30:30]}  e5 {[%clk 0:18:07]} 36. Nd2 {[%clk 0:30:12]}  Rd5 {[%clk 0:13:49]} 37. Nb3 {[%clk 0:29:52]}  f5 {[%clk 0:13:54]} 38. Bc4 {[%clk 0:28:41]}  Rd8 {[%clk 0:13:40]} 39. Kf1 {[%clk 0:28:30]}  e4 {[%clk 0:08:10]} 40. Be2 {[%clk 0:26:25]}  Kf6 {[%clk 0:05:56]} 41. Ra4 {[%clk 0:26:11]}  Rd7 {[%clk 0:26:39]} 42. Rc4 {[%clk 0:53:17]}  Nd3 {[%clk 0:25:58]} 43. Bxd3 {[%clk 0:52:26]}  exd3 {[%clk 0:26:25]} 44. Ke1 {[%clk 0:47:38]}  Bxf2+ {[%clk 0:24:24]} 45. Kd2 {[%clk 0:48:01]}  Ke5 {[%clk 0:23:49]} 46. Rb4 {[%clk 0:47:17]}  f4 {[%clk 0:23:06]} 47. Nd4 {[%clk 0:46:55]}  Bxd4 {[%clk 0:23:10]} 48. cxd4+ {[%clk 0:47:24]}  Ke4 {[%clk 0:20:49]} 49. d5+ {[%clk 0:47:52]}  Kxd5 {[%clk 0:21:09]} 50. Kxd3 {[%clk 0:42:48]}  Kc5+ {[%clk 0:17:49]} 51. Kc3 {[%clk 0:43:17]}  Re7 {[%clk 0:14:25]} 52. Rb6 {[%clk 0:42:59]}  Re3+ {[%clk 0:13:21]} 53. Kd2 {[%clk 0:43:09]}  Rg3 {[%clk 0:13:23]} 54. Rxb7 {[%clk 0:43:21]}  Rxg2+ {[%clk 0:13:19]} 55. Kd3 {[%clk 0:43:50]}  Rg3+ {[%clk 0:06:52]} 56. Ke4 {[%clk 0:44:18]}  Rxh3 {[%clk 0:06:31]} 57. Rb6 {[%clk 0:44:47]}  Re3+ {[%clk 0:04:41]} 58. Kf5 {[%clk 0:45:15]}  Rg3 {[%clk 0:05:05]} 59. Rxa6 {[%clk 0:45:05]}  Kb5 {[%clk 0:05:32]} 60. Ra8 {[%clk 0:45:30]}  h3 {[%clk 0:05:42]} 61. Ke4 {[%clk 0:44:37]}  f3 {[%clk 0:05:49]} 0-1

[Event "45th FIDE Chess Olympiad Open"]
[Site "Budapest, Hungary"]
[Date "2024.09.20"]
[Round "9"]
[White "Middelburg, Tom"]
[Black "Alfaro, William"]
[Result "1-0"]
[Board "182"]
[WhiteFideId "1004930"]
[BlackFideId "6100457"]
[WhiteTitle "IM"]
[BlackTitle "FM"]
[WhiteElo "2355"]
[BlackElo "2133"]
[WhiteTeam "New Zealand"]
[BlackTeam "Nicaragua"]
[WhiteClock "0:28:10"]
[BlackClock "0:06:35"]
[Variant "Standard"]

1. e4 {[%clk 1:30:56]}  c5 {[%clk 1:30:46]} 2. Nf3 {[%clk 1:31:19]}  Nc6 {[%clk 1:30:54]} 3. Bb5 {[%clk 1:31:31]}  g6 {[%clk 1:29:51]} 4. Bxc6 {[%clk 1:31:49]}  dxc6 {[%clk 1:30:10]} 5. d3 {[%clk 1:32:09]}  Bg7 {[%clk 1:30:21]} 6. a4 {[%clk 1:32:20]}  a5 {[%clk 1:28:15]} 7. O-O {[%clk 1:32:18]}  Nf6 {[%clk 1:23:59]} 8. Qe2 {[%clk 1:31:05]}  O-O {[%clk 1:22:24]} 9. Re1 {[%clk 1:31:29]}  b6 {[%clk 1:20:42]} 10. h3 {[%clk 1:29:18]}  Ba6 {[%clk 1:20:03]} 11. e5 {[%clk 1:14:50]}  Nd5 {[%clk 1:09:38]} 12. Qe4 {[%clk 1:15:11]}  f5 {[%clk 1:01:14]} 13. Qh4 {[%clk 1:06:51]}  e6 {[%clk 1:01:27]} 14. Bg5 {[%clk 1:03:45]}  Qc7 {[%clk 0:58:59]} 15. Nbd2 {[%clk 0:55:36]}  Nb4 {[%clk 0:53:44]} 16. Rac1 {[%clk 0:53:23]}  Na2 {[%clk 0:52:39]} 17. Rb1 {[%clk 0:42:42]}  Nb4 {[%clk 0:53:03]} 18. Be7 {[%clk 0:35:13]}  Rfe8 {[%clk 0:42:30]} 19. Bd6 {[%clk 0:35:28]}  Qd8 {[%clk 0:39:34]} 20. Qxd8 {[%clk 0:35:20]}  Raxd8 {[%clk 0:39:59]} 21. Rec1 {[%clk 0:16:11]}  Rd7 {[%clk 0:37:12]} 22. Nc4 {[%clk 0:13:16]}  Bxc4 {[%clk 0:34:24]} 23. dxc4 {[%clk 0:13:45]}  Bh6 {[%clk 0:32:49]} 24. Rd1 {[%clk 0:06:47]}  Nxc2 {[%clk 0:32:03]} 25. Kf1 {[%clk 0:07:16]}  Red8 {[%clk 0:28:41]} 26. Ke2 {[%clk 0:07:41]}  Bg7 {[%clk 0:21:56]} 27. Bc7 {[%clk 0:06:20]}  Nd4+ {[%clk 0:19:07]} 28. Nxd4 {[%clk 0:04:52]}  cxd4 {[%clk 0:17:54]} 29. Bxd8 {[%clk 0:04:52]}  Rxd8 {[%clk 0:18:23]} 30. f4 {[%clk 0:03:47]}  g5 {[%clk 0:18:23]} 31. g3 {[%clk 0:04:09]}  gxf4 {[%clk 0:18:23]} 32. gxf4 {[%clk 0:04:37]}  Bh6 {[%clk 0:18:52]} 33. Kf3 {[%clk 0:04:45]}  Bf8 {[%clk 0:15:54]} 34. Rd3 {[%clk 0:04:59]}  Kf7 {[%clk 0:15:45]} 35. Rbd1 {[%clk 0:05:23]}  Bc5 {[%clk 0:16:09]} 36. Rg1 {[%clk 0:05:34]}  Be7 {[%clk 0:16:33]} 37. Ke2 {[%clk 0:05:50]}  Rd7 {[%clk 0:13:14]} 38. Rb3 {[%clk 0:04:35]}  Bc5 {[%clk 0:13:38]} 39. Rg5 {[%clk 0:04:32]}  h6 {[%clk 0:13:22]} 40. Rg2 {[%clk 0:04:57]}  Rd8 {[%clk 0:13:41]} 41. Rbg3 {[%clk 0:04:32]}  Bf8 {[%clk 0:14:03]} 42. Kd3 {[%clk 0:04:39]}  c5 {[%clk 0:14:17]} 43. Rg6 {[%clk 0:04:44]}  Rc8 {[%clk 0:05:16]} 44. Rf6+ {[%clk 0:04:27]}  Ke7 {[%clk 0:05:45]} 45. Rgg6 {[%clk 0:04:27]}  Rc6 {[%clk 0:06:09]} 46. Rg8 {[%clk 0:01:48]}  Rc8 {[%clk 0:06:35]} 47. Rh8 {[%clk 0:28:10]} 1-0

[Event "45th FIDE Chess Olympiad Open"]
[Site "Budapest, Hungary"]
[Date "2024.09.20"]
[Round "9"]
[White "Rocha, Maximiliano"]
[Black "Croad, Nicolas"]
[Result "0-1"]
[Board "183"]
[WhiteFideId "6100775"]
[BlackFideId "4300793"]
[WhiteTitle "FM"]
[BlackTitle "FM"]
[WhiteElo "2156"]
[BlackElo "2195"]
[WhiteTeam "Nicaragua"]
[BlackTeam "New Zealand"]
[WhiteClock "0:15:00"]
[BlackClock "0:34:37"]
[Variant "Standard"]

1. e4 {[%clk 1:30:53]}  e5 {[%clk 1:30:53]} 2. d4 {[%clk 1:30:12]}  exd4 {[%clk 1:31:15]} 3. Qxd4 {[%clk 1:30:37]}  Nc6 {[%clk 1:31:36]} 4. Qd3 {[%clk 1:31:02]}  Nf6 {[%clk 1:31:31]} 5. Nc3 {[%clk 1:31:30]}  Bc5 {[%clk 1:29:05]} 6. Be2 {[%clk 1:30:43]}  O-O {[%clk 1:28:26]} 7. Bf4 {[%clk 1:28:22]}  Re8 {[%clk 1:19:23]} 8. O-O-O {[%clk 1:23:13]}  Bd4 {[%clk 1:13:49]} 9. f3 {[%clk 1:04:28]}  a6 {[%clk 0:46:37]} 10. Nh3 {[%clk 0:39:58]}  d5 {[%clk 0:46:37]} 11. Nxd5 {[%clk 0:30:00]}  Nxd5 {[%clk 0:46:56]} 12. exd5 {[%clk 0:30:29]}  Qxd5 {[%clk 0:47:19]} 13. Ng5 {[%clk 0:28:34]}  Bf5 {[%clk 0:36:25]} 14. Qc4 {[%clk 0:28:34]}  Rxe2 {[%clk 0:36:25]} 15. Rxd4 {[%clk 0:18:54]}  Rxc2+ {[%clk 0:36:14]} 16. Qxc2 {[%clk 0:15:52]}  Nxd4 {[%clk 0:36:39]} 17. Qd2 {[%clk 0:15:00]}  Rd8 {[%clk 0:34:37]} 0-1